[Event "World Rapid Women 2022"]
[Site "Almaty KAZ"]
[Date "2022.12.27"]
[Round "5.31"]
[White "Nomin-Erdene, Davaademberel"]
[Black "Nomindalai, Tumurbaatar"]
[Result "1-0"]
[WhiteTitle "IM"]
[BlackTitle "CM"]
[WhiteElo "2384"]
[BlackElo "2132"]
[WhiteFideId "4900782"]
[BlackFideId "4904095"]
[EventDate "2022.12.26"]

1. e4 c5 2. Nf3 Nc6 3. d4 cxd4 4. Nxd4 g6 5. c4 Nf6 6. Nc3 d6 7. Be2 Nxd4 8.
Qxd4 Bg7 9. O-O O-O 10. Qe3 Bg4 11. f3 Be6 12. Rb1 Qb6 13. Qxb6 axb6 14. a3 Rfc8
15. b3 Nd7 16. Nd5 Bxd5 17. exd5 b5 18. cxb5 Rc2 19. Bd3 Rc3 20. Rd1 Nb6 21. Bf1
Rac8 22. Bg5 f6 23. Bh4 Bh6 24. Bf2 Be3 25. a4 Bxf2+ 26. Kxf2 Rc2+ 27. Kg3 Kf8
28. a5 Nd7 29. a6 h5 30. Bd3 R2c5 31. Bxg6 Rxb5 32. Bf5 Ke8 33. a7 Ra8 34. Rd4
Rxa7 35. b4 Ne5 36. Rc1 Kf7 37. Rc8 Ra4 38. Rh4 Kg7 39. Rxh5 Ng6 40. Be6 Nf8 41.
Rh4 Rbxb4 42. Rxb4 Rxb4 43. Rc7 Ng6 44. Bf5 b5 45. Rb7 Rb2 46. h4 b4 47. h5 Ne5
48. Rxe7+ Kf8 49. Rb7 Nf7 50. Bg6 Ne5 51. Bf5 Nf7 52. Be6 Ng5 53. h6 Rb1 54. h7
Rh1 55. Bh3 Nxh7 56. Rxh7 Rd1 57. Be6 Rd2 58. Rb7 Rb2 59. Kf4 Rxg2 60. Rxb4 Rg5
61. Rb7 Ke8 62. Rf7 Rg6 63. Rd7 Rg5 64. Rxd6 Re5 65. Rd7 Rg5 66. Rf7 Rg6 67. d6
f5 68. d7+ Kd8 69. Rf8+ 1-0

[Event "World Rapid Women 2022"]
[Site "Almaty KAZ"]
[Date "2022.12.27"]
[Round "5.32"]
[White "Gaponenko, Inna"]
[Black "Frayna, Janelle Mae"]
[Result "1/2-1/2"]
[WhiteTitle "IM"]
[BlackTitle "WGM"]
[WhiteElo "2341"]
[BlackElo "2265"]
[WhiteFideId "14101181"]
[BlackFideId "5212499"]
[EventDate "2022.12.26"]

1. e4 c6 2. d4 d5 3. e5 Bf5 4. Nf3 e6 5. Be2 Ne7 6. c3 h6 7. O-O Nd7 8. Na3 Nc8
9. Nc2 Be7 10. Ne3 Bh7 11. Ne1 f5 12. exf6 Nxf6 13. Bh5+ g6 14. Bg4 Bg8 15. Nd3
h5 16. Bh3 g5 17. g3 Nd6 18. Ne5 Qc7 19. c4 g4 20. Bg2 O-O-O 21. c5 Nde4 22. b4
Bf8 23. Qa4 a6 24. Qa5 Qxa5 25. bxa5 Bh6 26. f3 Nc3 27. fxg4 Ne2+ 28. Kf2 Nxc1
29. Raxc1 Nxg4+ 30. N5xg4 hxg4 31. Rh1 Bh7 32. Ke2 Bxe3 33. Kxe3 Bf5 34. Bf1 Be4
35. Rg1 Rxh2 36. Be2 Bf5 37. Rh1 Rdh8 38. Rxh2 Rxh2 39. Rf1 Rg2 40. Rh1 Rxg3+
41. Kf4 Rh3 42. Rg1 Ra3 43. Bxg4 Bxg4 44. Rxg4 Rxa5 45. Rg8+ Kc7 46. Rg7+ Kb8
47. Rg8+ Ka7 48. Rg2 Ra3 49. Ke5 Re3+ 50. Kd6 Rd3 51. Kc7 Rh3 52. Rb2 Rh7+ 53.
Kd6 Kb8 54. Kxe6 Kc7 55. Rg2 Rh6+ 56. Ke5 Rh5+ 57. Ke6 Rh6+ 58. Ke5 Rh4 59. Re2
Rh5+ 60. Ke6 Rh4 61. Ke5 Rh5+ 1/2-1/2

[Event "World Rapid Women 2022"]
[Site "Almaty KAZ"]
[Date "2022.12.27"]
[Round "5.33"]
[White "Foudzi, Siti Zulaikha"]
[Black "Beydullayeva, Govhar"]
[Result "0-1"]
[WhiteTitle "WIM"]
[BlackTitle "WGM"]
[WhiteElo "2136"]
[BlackElo "2387"]
[WhiteFideId "5700965"]
[BlackFideId "13413015"]
[EventDate "2022.12.26"]

1. e4 c5 2. Nf3 d6 3. Bb5+ Nd7 4. O-O a6 5. Bxd7+ Bxd7 6. d4 cxd4 7. Qxd4 Nf6 8.
c4 g6 9. Nc3 Bg7 10. Qd3 O-O 11. a4 Rc8 12. Bg5 h6 13. Bh4 Qc7 14. b3 Bc6 15.
Rac1 Rfe8 16. Rfe1 Nd7 17. b4 b6 18. Bg3 Ba8 19. Nd5 Qd8 20. h4 a5 21. e5 Nxe5
22. Nxe5 dxe5 23. bxa5 Bxd5 24. Qxd5 Qxd5 25. cxd5 bxa5 26. Rxc8 Rxc8 27. Bxe5
Bxe5 28. Rxe5 Rc1+ 29. Kh2 Rc4 30. d6 exd6 31. Rxa5 Rxh4+ 32. Kg3 Rd4 33. Kf3
Kf8 34. Ke3 Rd1 35. Ra7 Kg7 36. a5 Kf6 37. a6 Ra1 38. Ra8 Kg5 39. Kd4 Ra2 40. a7
f5 41. Kd5 Ra6 42. Ke6 f4 43. Kd7 d5 44. Kc7 Ra2 45. Kb7 Rb2+ 46. Kc6 Ra2 47.
Kxd5 Kh5 48. Ke4 g5 49. Kf3 Ra3+ 50. Ke4 Kg4 51. Rh8 Rxa7 52. Rxh6 Ra4+ 53. Kd3
Ra2 54. f3+ Kg3 55. Rg6 Ra5 56. Ke4 Kxg2 57. Rf6 Ra4+ 58. Kf5 Kxf3 59. Kxg5 Kg3
60. Kf5 f3 61. Rg6+ Kf2 62. Ke5 Ke2 63. Kd5 f2 64. Re6+ Kd2 65. Rf6 Ke1 66. Re6+
Kf1 67. Rf6 Kg2 68. Rg6+ Kf3 0-1

[Event "World Rapid Women 2022"]
[Site "Almaty KAZ"]
[Date "2022.12.27"]
[Round "5.34"]
[White "Druzhinina, Olga"]
[Black "Badelka, Olga"]
[Result "0-1"]
[BlackTitle "IM"]
[WhiteElo "2245"]
[BlackElo "2416"]
[WhiteFideId "4141911"]
[BlackFideId "13509926"]
[EventDate "2022.12.26"]

1. e4 e5 2. Nf3 Nc6 3. d4 exd4 4. Nxd4 Bc5 5. Nb3 Bb6 6. Nc3 d6 7. Qe2 a5 8. Be3
a4 9. Bxb6 axb3 10. Be3 bxa2 11. Rxa2 Rxa2 12. Nxa2 Be6 13. Nc3 Nge7 14. Qb5 b6
15. Bd3 O-O 16. O-O f5 17. exf5 Bxf5 18. Bg5 Bxd3 19. Qxd3 Qd7 20. Re1 Ng6 21.
f3 Nce5 22. Qe4 Qf5 23. Qxf5 Rxf5 24. Bc1 Kf7 25. Re4 Ne7 26. f4 Nd7 27. g3 Ra5
28. Kg2 d5 29. Ra4 Rxa4 30. Nxa4 d4 31. b3 b5 32. Nb2 Ke6 33. Kf3 Kd5 34. Nd3 c5
35. Ba3 Nc6 36. g4 c4 37. Nb4+ Nxb4 38. Bxb4 c3 39. h4 Nf6 40. g5 Ne4 41. Ke2 g6
42. Ba3 Ng3+ 43. Kf3 Nf5 44. Ke2 Ke4 45. Bc1 Nxh4 0-1

[Event "World Rapid Women 2022"]
[Site "Almaty KAZ"]
[Date "2022.12.27"]
[Round "5.35"]
[White "Eric, Jovana"]
[Black "Kurmangaliyeva, Liya"]
[Result "0-1"]
[WhiteTitle "WGM"]
[BlackTitle "FM"]
[WhiteElo "2236"]
[BlackElo "2287"]
[WhiteFideId "938238"]
[BlackFideId "13725831"]
[EventDate "2022.12.26"]

1. e4 c5 2. Nf3 d6 3. d4 cxd4 4. Nxd4 Nf6 5. Nc3 Nc6 6. Bg5 e6 7. Qd2 a6 8.
O-O-O Bd7 9. f3 b5 10. Nxc6 Bxc6 11. Ne2 Qc7 12. Nd4 Bb7 13. h4 h6 14. Be3 d5
15. e5 Nd7 16. f4 Nc5 17. Bd3 Ne4 18. Bxe4 dxe4 19. f5 Bd5 20. fxe6 fxe6 21. Qe2
O-O-O 22. Nb3 Be7 23. Kb1 h5 24. Bd4 Kb7 25. Qe3 Rc8 26. Rd2 a5 27. Qe2 Ka6 28.
a4 Qc4 29. axb5+ Qxb5 30. Qe3 Rhf8 31. Rhd1 a4 32. Nc1 Bxh4 33. Bc3 Rc4 34. Na2
Rb8 35. Rd4 Be7 36. Qe2 Rxd4 37. Qxb5+ Kxb5 38. Bxd4 Bxa2+ 39. Kxa2 Rd8 40. c3
Bc5 41. b3 Bxd4 42. cxd4 Kb4 43. bxa4 Kxa4 44. Kb2 Kb4 45. Kc2 Kc4 46. Rh1 g6
47. Rh3 Kxd4 48. Rg3 Rg8 49. Kd2 Kxe5 50. Ke3 g5 51. Rh3 h4 52. Rh1 Ra8 53. Rb1
Ra3+ 54. Ke2 Ra2+ 55. Kf1 Kf4 56. Rb6 e5 57. Rb4 g4 0-1

[Event "World Rapid Women 2022"]
[Site "Almaty KAZ"]
[Date "2022.12.27"]
[Round "5.36"]
[White "Bauyrzhan, Arnash"]
[Black "Schulze, Lara"]
[Result "1/2-1/2"]
[BlackTitle "FM"]
[WhiteElo "2041"]
[BlackElo "2284"]
[WhiteFideId "13706322"]
[BlackFideId "12956830"]
[EventDate "2022.12.26"]

1. e4 c5 2. Nf3 Nc6 3. Bb5 g6 4. Bxc6 bxc6 5. O-O Bg7 6. Re1 Qc7 7. c3 d6 8. h3
Nf6 9. d4 cxd4 10. cxd4 O-O 11. Nc3 c5 12. e5 dxe5 13. dxe5 Rd8 14. Qa4 Nh5 15.
Bg5 Bb7 16. Qg4 Rd3 17. Ne4 Rad8 18. Rac1 R3d5 19. Nc3 Rd3 20. Ne4 R3d5 21. Nc3
Rd3 22. Ne4 R3d5 1/2-1/2

[Event "World Rapid Women 2022"]
[Site "Almaty KAZ"]
[Date "2022.12.27"]
[Round "5.37"]
[White "Ovod, Evgenija"]
[Black "Mikheeva, Galina"]
[Result "1-0"]
[WhiteTitle "IM"]
[BlackTitle "WFM"]
[WhiteElo "2323"]
[BlackElo "1969"]
[WhiteFideId "4131827"]
[BlackFideId "44108320"]
[EventDate "2022.12.26"]

1. e4 e5 2. Nf3 Nc6 3. Bc4 Bc5 4. O-O Nf6 5. d3 O-O 6. Nbd2 d6 7. c3 a6 8. a4
Ba7 9. h3 Ne7 10. Re1 Ng6 11. Nf1 c6 12. Bb3 Re8 13. Be3 Bb8 14. Ng3 h6 15. d4
d5 16. dxe5 Nxe5 17. Nxe5 Bxe5 18. f4 Bc7 19. e5 Nh7 20. Qd3 Nf8 21. Rad1 Qh4
22. Kh2 Ng6 23. Bc2 b6 24. Nf5 Qd8 25. Nd4 Bd7 26. Nf3 Qc8 27. Bc1 Nf8 28. Kh1
Qb8 29. Re2 g6 30. g4 Qc8 31. f5 Kg7 32. Qd2 g5 33. Nxg5 Bxe5 34. Ne6+ fxe6 35.
Qxh6+ Kg8 36. Rxe5 exf5 37. Rde1 Rxe5 38. Rxe5 Be6 39. gxf5 Qc7 40. f6 Ra7 41.
Rg5+ Kf7 42. Rg7+ Ke8 43. Rxc7 Rxc7 44. Bf4 Rd7 45. Qh8 d4 46. Bh6 Bd5+ 47. Kh2
Rf7 48. Bg6 1-0

[Event "World Rapid Women 2022"]
[Site "Almaty KAZ"]
[Date "2022.12.27"]
[Round "5.38"]
[White "Paramzina, Anastasya"]
[Black "Serikbay, Assel"]
[Result "0-1"]
[WhiteTitle "WGM"]
[BlackTitle "WIM"]
[WhiteElo "2227"]
[BlackElo "2230"]
[WhiteFideId "4165012"]
[BlackFideId "13706799"]
[EventDate "2022.12.26"]

1. e4 c5 2. Nf3 d6 3. d4 cxd4 4. Nxd4 Nf6 5. Nc3 a6 6. Be3 e5 7. Nb3 Be6 8. f3
h5 9. Qd2 Nbd7 10. O-O-O Rc8 11. Kb1 Be7 12. Bd3 b5 13. h3 h4 14. f4 Bc4 15.
Rhe1 Qc7 16. a3 O-O 17. f5 Rfd8 18. g4 d5 19. exd5 Nb6 20. g5 Nfxd5 21. Nxd5
Nxd5 22. f6 Bxa3 23. g6 Bxd3 24. cxd3 Bb4 25. Qf2 Bxe1 26. Rxe1 Nxe3 27. Rxe3
fxg6 28. Qxh4 Qf7 29. fxg7 Kxg7 30. Rxe5 Re8 31. Qd4 Rxe5 32. Qxe5+ Qf6 33. Qd5
Rd8 34. Qb7+ Qf7 35. Qb6 Rxd3 36. Nc5 Rd1+ 37. Kc2 Re1 38. Qd6 Qc4+ 0-1

[Event "World Rapid Women 2022"]
[Site "Almaty KAZ"]
[Date "2022.12.27"]
[Round "5.39"]
[White "Kaldarova, Ayaulym"]
[Black "Injac, Teodora"]
[Result "0-1"]
[BlackTitle "WGM"]
[WhiteElo "1832"]
[BlackElo "2365"]
[WhiteFideId "13720503"]
[BlackFideId "932400"]
[EventDate "2022.12.26"]

1. Nf3 Nf6 2. c4 g6 3. Nc3 Bg7 4. g3 b6 5. Bg2 Bb7 6. O-O O-O 7. Re1 d6 8. e4 e5
9. d4 Nbd7 10. d5 a5 11. b3 Nc5 12. Rb1 Bc8 13. a3 Bd7 14. Qe2 Nfxe4 15. Bb2
Nxc3 16. Bxc3 Bf5 17. b4 axb4 18. axb4 Bxb1 19. Rxb1 Nd7 20. Bd2 Re8 21. Bg5 Qb8
22. Nd2 Ra2 23. Qd3 f5 24. Be3 e4 25. Qb3 Qa8 26. c5 Ra3 27. Qc4 bxc5 28. bxc5
Nxc5 29. Qb5 Ra5 30. Qc4 Rb8 31. Rd1 Ra4 32. Qc2 Rb2 33. Qc1 Rba2 34. Bxc5 Bb2
35. Qc2 Bd4 36. Qxa2 Bxf2+ 37. Bxf2 Rxa2 38. Bf1 Qa4 39. Be2 Ra1 40. Rxa1 Qxa1+
41. Nf1 Qa2 42. Bb5 Qxd5 43. Be2 Qa2 44. Bb5 d5 45. Ne3 Qb1+ 46. Bf1 d4 47. Nd5
c5 48. Kg2 Qa2 49. Nb6 d3 50. Kg1 c4 51. Bd4 Qb1 52. Nxc4 Qb4 53. Be3 Qxc4 54.
Kf2 Qc2+ 55. Ke1 Qb1+ 56. Kf2 Qd1 57. h4 Qf3+ 0-1

[Event "World Rapid Women 2022"]
[Site "Almaty KAZ"]
[Date "2022.12.27"]
[Round "5.40"]
[White "Kovanova, Baira"]
[Black "Omonova, Umida"]
[Result "0-1"]
[WhiteTitle "WGM"]
[BlackTitle "WFM"]
[WhiteElo "2317"]
[BlackElo "2052"]
[WhiteFideId "4164083"]
[BlackFideId "14210363"]
[EventDate "2022.12.26"]

1. e4 c5 2. Nf3 Nc6 3. Bb5 g6 4. O-O Bg7 5. Re1 Nf6 6. e5 Nd5 7. Nc3 Nc7 8. Bxc6
dxc6 9. Ne4 Ne6 10. d3 O-O 11. Be3 b6 12. Qd2 f5 13. exf6 exf6 14. Bh6 a5 15.
Bxg7 Kxg7 16. Ng3 Ra7 17. a3 Re8 18. Re4 Rae7 19. h3 f5 20. Ree1 Nd4 21. Nxd4
cxd4 22. b4 a4 23. Kf1 Qd5 24. c4 dxc3 25. Qxc3+ Kf7 26. Rxe7+ Rxe7 27. Kg1 Bb7
28. Qh8 c5 29. Qxh7+ Kf8 30. Qh8+ Kf7 31. f3 Qxd3 32. Qh7+ Kf8 33. Qh8+ Kf7 34.
Qh7+ Kf8 35. Qh6+ Kf7 36. Kh2 c4 37. Qh7+ Kf6 38. Qh4+ Kf7 39. Rc1 b5 40. Qh7+
Kf6 41. Qh8+ Kf7 42. Qh7+ Kf6 43. Qh8+ Kf7 44. Rc3 Qd6 45. Qh7+ Ke8 46. Qg8+ Kd7
47. Rc1 Bxf3 48. Rf1 Bd5 49. Qh8 f4 50. Nh1 f3+ 51. g3 Re2+ 52. Nf2 Qb6 53. Kg1
Qe6 54. Qd4 Kc7 55. Qc5+ Bc6 56. Qa7+ Bb7 57. Qc5+ Qc6 58. Qd4 Qd6 59. Qg4 Bc6
60. Qg5 Kb7 61. Qg4 Qe5 62. Qxg6 Rxf2 63. Rxf2 Qe1+ 64. Rf1 f2+ 65. Kh2 Qxf1 0-1

[Event "World Rapid Women 2022"]
[Site "Almaty KAZ"]
[Date "2022.12.27"]
[Round "5.41"]
[White "Enkhtuul, Altan-Ulzii"]
[Black "Kirchei, Viktoriia"]
[Result "1-0"]
[WhiteTitle "WGM"]
[BlackTitle "WFM"]
[WhiteElo "2285"]
[BlackElo "2070"]
[WhiteFideId "4901444"]
[BlackFideId "34133396"]
[EventDate "2022.12.26"]

1. d4 Nf6 2. c4 e6 3. Nf3 Bb4+ 4. Bd2 a5 5. a3 Bxd2+ 6. Nbxd2 d6 7. g3 b6 8. Bg2
Bb7 9. O-O O-O 10. b4 Nbd7 11. Qc2 Qe7 12. e4 e5 13. d5 Rfc8 14. Rfc1 Ne8 15.
Ne1 g6 16. Nd3 f5 17. f4 Nef6 18. bxa5 fxe4 19. Nxe4 Nxe4 20. Bxe4 Rxa5 21. Re1
Qg7 22. Kh1 Nc5 23. Nxc5 Rxc5 24. fxe5 dxe5 25. Qd3 Rd8 26. Qb3 Qe7 27. Bg2 Qd6
28. Rf1 Rf8 29. Rxf8+ Qxf8 30. Rf1 Qe7 31. Re1 Ra5 32. a4 Ra8 33. Qc3 Re8 34. a5
bxa5 35. Qxa5 Qd6 36. c5 Qe7 37. Qa2 Kg7 38. Qb3 Bc8 39. Qc3 Bf5 40. Ra1 Rb8 41.
h3 Kg8 42. g4 Bd7 43. Re1 Re8 44. Qa5 Bc8 45. Qb5 Rf8 46. Qc4 Kg7 47. Qc3 Re8
48. Ra1 Qh4 49. Ra7 Bxg4 50. Rxc7+ Kg8 51. d6 Bf5 52. Qb3+ Be6 53. Qe3 Bf5 54.
d7 Rf8 55. Bd5+ Kg7 56. d8=Q+ 1-0

[Event "World Rapid Women 2022"]
[Site "Almaty KAZ"]
[Date "2022.12.27"]
[Round "5.42"]
[White "Kaliakhmet, Elnaz"]
[Black "Lu, Miaoyi"]
[Result "1/2-1/2"]
[WhiteTitle "WFM"]
[WhiteElo "1786"]
[BlackElo "2399"]
[WhiteFideId "13730169"]
[BlackFideId "8618020"]
[EventDate "2022.12.26"]

1. d4 d5 2. c4 e6 3. Nf3 Nf6 4. Nc3 Bb4 5. Bg5 dxc4 6. e3 b5 7. a4 c6 8. Nd2
Bxc3 9. bxc3 Qd5 10. Bxf6 gxf6 11. Qg4 Kf8 12. Qf4 Ke7 13. Be2 Ba6 14. Bf3 Qd6
15. Qxd6+ Kxd6 16. Ne4+ Kc7 17. Nc5 bxa4 18. Nxa6+ Nxa6 19. Rxa4 Nb8 20. Rxc4 a5
21. Kd2 Ra6 22. Ra1 Nd7 23. Be2 Rha8 24. Rca4 R6a7 25. c4 Nb6 26. R4a3 f5 27.
Kc3 Nc8 28. f3 Nd6 29. Bd3 f6 30. e4 fxe4 31. fxe4 e5 32. Rf1 exd4+ 33. Kxd4 Ne8
34. Rf5 Kd6 35. c5+ Ke7 36. Rh5 Kf8 37. Kc3 Nc7 38. Bc4 Nb5+ 39. Bxb5 cxb5 40.
Ra1 Rc7 41. Rf1 Kg7 42. Rb1 Rb8 43. Rd5 Kf7 44. g4 Ke6 45. Rf1 Rc6 46. Ra1 Ra8
47. h4 Ke7 48. g5 fxg5 49. hxg5 Re6 50. e5 Rg6 51. e6 Kxe6 52. Rd6+ Kf5 53. Rd5+
Ke6 54. Rd6+ Kf7 55. Rf1+ Kg7 56. Rd7+ Kg8 57. Rb7 b4+ 58. Kb3 Rxg5 59. c6 Rc5
60. Rg1+ Kh8 61. Rc7 Rc3+ 62. Ka4 b3 63. Rh1 b2 64. Rcxh7+ Kg8 65. Rh8+ Kg7 66.
Rxa8 Rc1 67. Rb8 Ra1+ 68. Kb5 b1=Q+ 69. Rxb1 Rxb1+ 70. Kxa5 Rxb8 71. c7 Rg8 72.
Kb6 Kf7 73. Kb7 Ke7 74. c8=Q Rxc8 75. Kxc8 1/2-1/2

[Event "World Rapid Women 2022"]
[Site "Almaty KAZ"]
[Date "2022.12.27"]
[Round "5.43"]
[White "Assylkhan, Asiya"]
[Black "Nasybullina, Alfia"]
[Result "0-1"]
[BlackTitle "WIM"]
[WhiteElo "1430"]
[BlackElo "2027"]
[WhiteFideId "13752707"]
[BlackFideId "4132416"]
[EventDate "2022.12.26"]

1. d4 Nf6 2. c4 c5 3. e3 cxd4 4. exd4 d5 5. Nf3 Nc6 6. Nc3 e6 7. Bg5 Be7 8. a3
O-O 9. c5 a5 10. Bb5 Qc7 11. Na4 Rd8 12. O-O Bd7 13. g3 e5 14. Nb6 Bg4 15. Nxa8
Rxa8 16. Bxc6 e4 17. Bb5 exf3 18. Re1 h6 19. Bf4 Qd8 20. Bf1 Ne4 21. h3 Bh5 22.
g4 Bh4 23. Rxe4 dxe4 24. gxh5 Qd5 25. Be5 e3 26. fxe3 Qe4 27. Qd3 Qd5 28. e4 f2+
29. Kh2 Qe6 30. Bg3 Bxg3+ 31. Kxg3 g6 32. hxg6 Kh8 33. Kxf2 fxg6 34. Bg2 Rf8+
35. Ke3 Qf6 36. Qe2 Qg5+ 37. Kd3 Qg3+ 38. Kc4 a4 39. Qc2 b5+ 40. Kxb5 Rf2 41.
Qc3 Qxg2 42. d5+ Kh7 43. Re1 Rxb2+ 44. Kxa4 Rb8 45. c6 Qf2 46. c7 Qa7+ 47. Qa5
Qd4+ 48. Qb4 Rxb4+ 49. axb4 Qa7+ 50. Kb3 Qxc7 51. e5 Qd7 52. e6 Qxd5+ 53. Ka4
Qa8+ 54. Kb5 Qe8+ 55. Kc5 Qe7+ 56. Kc4 Qh4+ 57. Kb5 Qxe1 0-1

[Event "World Rapid Women 2022"]
[Site "Almaty KAZ"]
[Date "2022.12.27"]
[Round "5.44"]
[White "Machlik, Monika"]
[Black "Balakanova, Bakhyt"]
[Result "0-1"]
[BlackTitle "WFM"]
[WhiteElo "2114"]
[BlackElo "2005"]
[WhiteFideId "1513621"]
[BlackFideId "13705881"]
[EventDate "2022.12.26"]

1. d4 d6 2. Nf3 g6 3. c4 Bg7 4. Nc3 Nd7 5. g3 e5 6. Bg2 Ne7 7. O-O O-O 8. e4 h6
9. Be3 c6 10. Qd2 Kh7 11. Rfd1 Qc7 12. Rac1 f5 13. dxe5 dxe5 14. Nh4 f4 15. gxf4
exf4 16. Bd4 Ne5 17. c5 f3 18. Bxe5 Bxe5 19. Nxf3 Bf4 20. Qd4 Bg4 21. Ne1 Bxh2+
22. Kh1 Bxd1 23. Rxd1 Rad8 24. Qc4 Rxd1 25. Nxd1 Be5 26. Nf3 Bg7 27. Ne3 Bxb2
28. Qe6 Rf6 29. Qb3 Bc1 30. Ng4 Rf8 31. Qe6 Ng8 32. Nfe5 Qg7 33. Nd7 Rf4 34.
Nge5 Bb2 35. Qd6 Bxe5 36. Nxe5 Rxf2 37. Kg1 Rxa2 38. Nd7 Qf7 39. Nf8+ Kg7 40.
Ne6+ Kh8 41. Nf4 Kh7 42. Bh3 Qf6 43. Qc7+ Kh8 44. Bg4 Qa1+ 0-1

[Event "World Rapid Women 2022"]
[Site "Almaty KAZ"]
[Date "2022.12.27"]
[Round "5.45"]
[White "Balabayeva, Xeniya"]
[Black "Martins de Aguiar, Marina"]
[Result "1-0"]
[WhiteTitle "WIM"]
[WhiteElo "2183"]
[BlackElo "1877"]
[WhiteFideId "13719688"]
[BlackFideId "2143321"]
[EventDate "2022.12.26"]

1. e4 c5 2. Nf3 e6 3. g3 Nf6 4. Qe2 Be7 5. Bg2 d5 6. e5 Nfd7 7. O-O Nc6 8. c3 d4
9. d3 O-O 10. c4 Rb8 11. h4 Qc7 12. Re1 b5 13. cxb5 Rxb5 14. Na3 Rb8 15. Nc4 Ba6
16. Bf4 Bxc4 17. dxc4 Rfc8 18. Rad1 Nb4 19. b3 a5 20. h5 h6 21. Nh2 a4 22. Be4
Qd8 23. bxa4 Bg5 24. Bxg5 Qxg5 25. Bb1 Nc6 26. Nf3 Qxh5 27. Kg2 Qg4 28. Qd2 f5
29. exf6 Nxf6 30. Nh2 Qh5 31. Rxe6 Qf7 32. Rde1 Rb7 33. Qe2 Rbc7 34. Bf5 Nd8 35.
Re5 Ra8 36. Ng4 Kf8 37. Nxf6 gxf6 38. Re8+ Kg7 39. Qg4+ 1-0

[Event "World Rapid Women 2022"]
[Site "Almaty KAZ"]
[Date "2022.12.27"]
[Round "5.46"]
[White "Madi, Aidana"]
[Black "Gaboyan, Susanna"]
[Result "0-1"]
[BlackTitle "WIM"]
[WhiteElo "1583"]
[BlackElo "2200"]
[WhiteFideId "13722689"]
[BlackFideId "13303627"]
[EventDate "2022.12.26"]

1. e4 c5 2. Nf3 Nc6 3. d4 cxd4 4. Nxd4 Nf6 5. Nc3 e5 6. Ndb5 d6 7. Bg5 a6 8. Na3
b5 9. Nd5 Be7 10. Bxf6 Bxf6 11. c4 b4 12. Nc2 a5 13. g3 Bg5 14. Bg2 O-O 15. O-O
Be6 16. Qd3 Rc8 17. b3 Nb8 18. Rad1 Na6 19. Nce3 Nc5 20. Qc2 a4 21. f4 exf4 22.
gxf4 Bh6 23. f5 Bxd5 24. Nxd5 axb3 25. axb3 Qh4 26. Rf3 Kh8 27. Rh3 Qg5 28. Kh1
Rfe8 29. f6 gxf6 30. Rg1 Qg6 31. Bf3 Bg5 32. Rg4 Ra8 33. Qb2 Nd3 34. Rxg5 Qxg5
35. Rxh7+ Kxh7 36. Nxf6+ Kg6 37. Bh5+ Qxh5 0-1

[Event "World Rapid Women 2022"]
[Site "Almaty KAZ"]
[Date "2022.12.27"]
[Round "5.47"]
[White "Balakanova, Gulnar"]
[Black "Samaganova, Aleksandra"]
[Result "0-1"]
[WhiteTitle "WFM"]
[BlackTitle "WFM"]
[WhiteElo "1743"]
[BlackElo "1884"]
[WhiteFideId "13705890"]
[BlackFideId "13800221"]
[EventDate "2022.12.26"]

1. d4 Nf6 2. c4 e6 3. Nf3 b6 4. g3 Bb7 5. Bg2 d5 6. O-O Be7 7. Nc3 O-O 8. cxd5
Nxd5 9. Qc2 Nd7 10. Nxd5 Bxd5 11. e4 Bb7 12. Bf4 c5 13. Rfd1 Qc8 14. d5 exd5 15.
exd5 Bf6 16. Rac1 Re8 17. Bh3 Qd8 18. Qf5 Nf8 19. Bg5 Bc8 20. Bxf6 Bxf5 21. Bxd8
Bxh3 22. Bc7 Nd7 23. Re1 f6 24. b3 Bf5 25. d6 Kf7 26. Nd2 Ne5 27. Re3 Ng4 28.
Rf3 Bd7 29. Nc4 Re2 30. h3 Nh6 31. g4 Rae8 32. a4 Re1+ 33. Rxe1 Rxe1+ 34. Kh2
Re2 35. Kg3 Ke6 36. Re3+ Rxe3+ 37. Nxe3 Nf7 38. f4 g6 39. f5+ Ke5 40. fxg6 hxg6
41. Nc4+ Kd4 42. Bb8 Bxa4 43. Bxa7 Bxb3 44. Nd2 Ba4 45. Bxb6 Nxd6 46. Kf4 Bd1
47. h4 Kd5 48. g5 fxg5+ 49. Kxg5 Bc2 50. Kf4 Bd1 51. Kg5 Bh5 52. Nb3 c4 53. Nd2
Ne4+ 54. Nxe4 Kxe4 55. Ba5 Kd3 0-1

[Event "World Rapid Women 2022"]
[Site "Almaty KAZ"]
[Date "2022.12.27"]
[Round "5.48"]
[White "Mikhaylova, Irina"]
[Black "Kim, Kristina"]
[Result "1/2-1/2"]
[WhiteTitle "WGM"]
[BlackTitle "WCM"]
[WhiteElo "2257"]
[BlackElo "1930"]
[WhiteFideId "4109040"]
[BlackFideId "13712438"]
[EventDate "2022.12.26"]

1. d4 f5 2. Nf3 Nf6 3. g3 g6 4. Bg2 Bg7 5. O-O d6 6. b3 O-O 7. Bb2 c6 8. c4 e5
9. dxe5 Ng4 10. Nc3 dxe5 11. h3 Nh6 12. Qxd8 Rxd8 13. Rad1 Re8 14. e4 Na6 15.
Ba3 Nf7 16. Rfe1 f4 17. Na4 g5 18. g4 h5 19. Nh2 hxg4 20. Nxg4 Bxg4 21. hxg4
Rad8 22. Bf3 Bf8 23. Bxf8 Kxf8 24. Rxd8 Rxd8 25. Rd1 Rd4 26. Kf1 Ke7 27. Ke2 b6
28. Rd2 Nc7 29. Kd1 Ne6 30. Nc3 Rxd2+ 31. Kxd2 Nd4 32. Bd1 Nd8 33. Nb1 N8e6 34.
f3 Nf8 35. Kc3 Ng6 36. Nd2 Nh4 37. b4 Kd6 38. a3 Ke6 39. Kd3 Ng2 40. Kc3 Ne1 41.
c5 bxc5 42. bxc5 Kf6 43. Kb4 Nd3+ 44. Kc3 Nxc5 45. Kc4 Nce6 46. Ba4 Ke7 47. Kb4
Kd6 48. Nc4+ Kc7 49. Nxe5 Kb6 50. Bd1 a5+ 51. Kc4 Nb5 52. a4 Nd6+ 53. Kc3 1/2-1/2

[Event "World Rapid Women 2022"]
[Site "Almaty KAZ"]
[Date "2022.12.27"]
[Round "5.49"]
[White "Chen, Jocelyn"]
[Black "Bayasgalan, Khishigbaatar"]
[Result "0-1"]
[WhiteTitle "WCM"]
[BlackTitle "WCM"]
[WhiteElo "1854"]
[BlackElo "1811"]
[WhiteFideId "30947154"]
[BlackFideId "4904311"]
[EventDate "2022.12.26"]

1. e4 c5 2. Nf3 e6 3. d4 cxd4 4. Nxd4 a6 5. Bd3 Nf6 6. O-O Qc7 7. Qe2 d6 8. c4
Nbd7 9. b3 Be7 10. Bb2 b6 11. Nc3 Bb7 12. f4 h5 13. Rae1 Rd8 14. a3 h4 15. h3
Nh5 16. Qe3 Nf8 17. Rc1 Qb8 18. b4 Ng3 19. Rfe1 Nd7 20. Nce2 Nxe2+ 21. Rxe2 Bf6
22. Nf3 Bxb2 23. Rxb2 Nf6 24. Re2 Qc7 25. Rec2 Qc6 26. Nd4 Qc7 27. Rc3 Nh5 28.
Ne2 Nf6 29. R3c2 Qc6 30. Nd4 Qd7 31. Re1 Nh5 32. Nf3 Qe7 33. Rf2 O-O 34. Nd2 e5
35. f5 Nf4 36. Bf1 Qg5 37. Kh1 Rb8 38. Nf3 Qf6 39. Rd2 Nh5 40. Kg1 Ng3 41. Bd3
b5 42. cxb5 axb5 43. Qf2 Ra8 44. Ra2 d5 45. Bxb5 dxe4 46. Nd2 Rfd8 47. a4 Rd4
48. Nc4 Nxf5 49. Rf1 Ng3 50. Qxf6 gxf6 51. a5 Nxf1 52. Kxf1 Bd5 53. Rc2 Rc8 54.
a6 Rdxc4 55. Bxc4 Rxc4 56. Rb2 Rc1+ 57. Kf2 Ra1 58. b5 Bc4 59. Ke3 f5 60. b6
Bxa6 61. b7 Bxb7 62. Rxb7 Ra3+ 63. Ke2 Ra2+ 64. Kf1 e3 65. Re7 Ra5 66. Ke2 f4
67. Kf3 Kg7 68. Re8 Rb5 69. Ke2 Rb2+ 70. Kf1 Kf6 71. Rh8 Kg5 72. Rg8+ Kf5 73.
Rh8 e4 74. Rh5+ Kg6 75. Rxh4 f3 76. gxf3 exf3 77. Kg1 Rb1+ 78. Kh2 f2 79. Rg4+
Kh5 80. Rf4 f1=Q 81. Rh4+ Kg5 82. Rg4+ Kf6 83. Rg2 Qf4+ 84. Rg3 Rb2+ 85. Kh1
Qf1+ 86. Rg1 Qxh3# 0-1